A Brief on Tensor Analysis

Αποθηκεύτηκε σε:
Λεπτομέρειες βιβλιογραφικής εγγραφής
Κύριος συγγραφέας: Simmonds, James G.
Μορφή: Βιβλίο
Γλώσσα:English
Δημοσίευση: New York : Springer-Verlag, c1994
Έκδοση:2nd ed.
Σειρά:Undergraduate texts in mathematics
Θέματα:
Ετικέτες: Προσθήκη ετικέτας
Δεν υπάρχουν, Καταχωρήστε ετικέτα πρώτοι!

MARC

LEADER 00000nam a2200000 i 4500
001 1/38813
008 950127s1994 eng d
020 |a 0-387-94088-X 
035 |a 1994  |c ΚΕΧΑΓΙΑΣ  |l 10040855 
040 |a GR-MY-UA  |b gre  |e aacr 
041 0 |a eng 
082 0 |a 515.63 
100 1 |a Simmonds, James G. 
245 1 2 |a A Brief on Tensor Analysis /  |c James G. Simmonds 
250 |a 2nd ed. 
260 |a New York :   |b Springer-Verlag,   |c c1994 
300 |a 112 p.;  |c 24 cm. 
490 1 |a Undergraduate Texts in Mathematics 
500 |a Includes index 
650 0 0 |a Calculus of tensors. 
830 0 |a Undergraduate texts in mathematics 
852 |a INST  |b SAMOS  |e 19950127  |h 515.63 SIM  |p 005300005999  |q 005300005999  |t BK  |y 0 
909 |a Σ  |b 038705